|
|
|
|
| LEADER |
00000csc a2200000 a 4500 |
| 001 |
65923-14 |
| 005 |
20230308213548.0 |
| 008 |
993121| ||||||||r|||||||||||spa|| |
| 020 |
|
|
|a 8424126467
|
| 040 |
|
|
|b spa
|
| 082 |
0 |
|
|a 500
|
| 100 |
1 |
|
|a Martínez Bernaldo de Quirós, Eladio, trad.
|9 295060
|
| 245 |
|
|
|a Setas venenosas
|c Edmund Garnweidner
|h imp
|n 14
|
| 250 |
|
|
|a 6a ed.,
|
| 264 |
|
|
|a Madrid
|b Everest
|
| 300 |
|
|
|a 79 páginas:
|b ilus.
|
| 490 |
|
|
|a Guía de la naturaleza Everest
|
| 500 |
|
|
|a Primeros auxilios en caso de intoxicación
|
| 650 |
1 |
|
|a Setas venenosas
|9 70441
|
| 700 |
1 |
|
|a Garnweidner, Edmund
|
| 773 |
|
|
|g 79 páginas:
|
| 852 |
|
|
|a UC-CDJBV
|c ESTANTERIA CERRADA
|f Donación
|k mariana.quezada
|l 1
|m General
|p 19931210
|q 28000
|r 2
|t 65923-14
|b 0
|d CDRC
|e CDRC
|g 500 ESTANTERIA CERRADA
|z 1993-31-21
|
| 942 |
|
|
|
| 999 |
|
|
|c 125954
|d 125954
|